[Event "Pontevedra op 4th"]
[Site "Pontevedra"]
[Date "2015.12.27"]
[Round "2"]
[White "Garcia Corada, Pedro"]
[Black "Espineira Gonzalez, Diego Adrian"]
[Result "0-1"]
[WhiteElo "1980"]
[BlackElo "2354"]
[PlyCount "66"]
[EventDate "2015.12.26"]
[EventType "swiss"]
[EventRounds "9"]
[EventCountry "ESP"]
[SourceTitle "CBM 170 Extra"]
[Source "ChessBase"]
[SourceDate "2016.02.25"]
[SourceVersion "1"]
[SourceVersionDate "2016.02.25"]
[SourceQuality "1"]

1. e4 c5 2. Nf3 d6 3. d4 cxd4 4. Nxd4 Nf6 5. Nc3 a6 6. Be2 e6 7. 0-0 Qc7 8. Kh1 Nbd7 9. f4 Be7 10. Be3 0-0 11. Bf3 Re8 12. Rf2 Bf8 13. Rd2 Nc5 14. Nb3 Nfd7 15. Nxc5 Nxc5 16. Qe1 Rb8 17. a4 b5 18. axb5 axb5 19. Nd1 Bb7 20. Bd4 Ra8 21. Nf2 Rxa1 22. Qxa1 Nd7 23. b3 e5 24. Be3 Ra8 25. Qb2 Bc6 26. h3 Qb7 27. fxe5 dxe5 28. Qc3 f5 29. exf5 Bxf3 30. gxf3 Qxf3+ 31. Kh2 Nf6 32. Qd3 e4 33. Qe2 Bd6+ 0-1

[Event "Valladolid Amateur op 4th"]
[Site "Valladolid"]
[Date "2013.08.02"]
[Round "2"]
[White "Garcia Corada, Pedro"]
[Black "Fernandez de la Fuente, Jose Antonio"]
[Result "0-1"]
[WhiteElo "2013"]
[BlackElo "1731"]
[PlyCount "62"]
[EventDate "2013.08.02"]
[EventType "swiss"]
[EventRounds "7"]
[EventCountry "ESP"]
[SourceTitle "EXT 2014"]
[Source "ChessBase"]
[SourceDate "2013.11.20"]
[SourceVersion "1"]
[SourceVersionDate "2013.11.20"]
[SourceQuality "1"]

1. e4 Nf6 2. Nc3 c6 3. e5 Nd5 4. Nf3 d6 5. Bc4 Nxc3 6. dxc3 d5 7. Bd3 Bg4 8. h3 Bxf3 9. Qxf3 Nd7 10. Bf4 g6 11. 0-0 Bg7 12. Rfe1 e6 13. c4 0-0 14. cxd5 exd5 15. Re2 Re8 16. Rae1 Nc5 17. c3 Nxd3 18. Qxd3 Re6 19. Qd2 Qa5 20. b4 Qc7 21. Qd4 a6 22. Bd2 Rae8 23. f4 f6 24. c4 fxe5 25. fxe5 Bxe5 26. Qd3 Bh2+ 27. Kh1 Rxe2 28. Rxe2 Rxe2 29. Qxe2 Qe5 30. Qd3 Bg3 31. cxd5 Qa1+ 0-1

[Event "Valladolid Piolin CC op 5th"]
[Site "Valladolid"]
[Date "2012.08.16"]
[Round "4"]
[White "Garcia Corada, Pedro"]
[Black "Amigo Roman, Pedro"]
[Result "1-0"]
[WhiteElo "2012"]
[BlackElo "1839"]
[PlyCount "77"]
[EventDate "2012.08.06"]
[EventType "swiss"]
[EventRounds "8"]
[EventCountry "ESP"]
[SourceTitle "EXT 2014"]
[Source "ChessBase"]
[SourceDate "2013.11.20"]
[SourceVersion "1"]
[SourceVersionDate "2013.11.20"]
[SourceQuality "1"]

1. c4 c5 2. Nc3 g6 3. g3 Bg7 4. Bg2 Nc6 5. Nf3 Nf6 6. 0-0 0-0 7. d4 cxd4 8. Nxd4 Nxd4 9. Qxd4 d6 10. Qd2 h6 11. b3 Rb8 12. Bb2 Be6 13. Nd5 Bxd5 14. cxd5 Qd7 15. Rac1 Rfc8 16. e4 Rxc1 17. Rxc1 Rc8 18. h3 Ne8 19. Bxg7 Kxg7 20. f4 Rxc1+ 21. Qxc1 Qc7 22. Qxc7 Nxc7 23. Kf2 Nb5 24. Ke3 Kf8 25. Kd3 Ke8 26. a4 Nc7 27. e5 b6 28. Ke4 a5 29. Bf1 Kd7 30. g4 e6 31. Bc4 exd5+ 32. Bxd5 Nxd5 33. Kxd5 dxe5 34. Kxe5 Kc6 35. Kf6 b5 36. Kxf7 bxa4 37. bxa4 Kc5 38. f5 Kb4 39. f6 1-0

[Event "Valladolid Piolin CC op 5th"]
[Site "Valladolid"]
[Date "2012.08.13"]
[Round "3"]
[White "Fernandez Velasquez, Julian Felix"]
[Black "Garcia Corada, Pedro"]
[Result "1-0"]
[WhiteElo "1872"]
[BlackElo "2012"]
[PlyCount "71"]
[EventDate "2012.08.06"]
[EventType "swiss"]
[EventRounds "8"]
[EventCountry "ESP"]
[SourceTitle "EXT 2014"]
[Source "ChessBase"]
[SourceDate "2013.11.20"]
[SourceVersion "1"]
[SourceVersionDate "2013.11.20"]
[SourceQuality "1"]

1. e4 c6 2. f4 d5 3. e5 c5 4. Nf3 Nc6 5. Bb5 Bd7 6. a4 e6 7. c3 h5 8. d4 Nh6 9. Na3 Nf5 10. Nc2 Qb6 11. 0-0 Na5 12. Bxd7+ Kxd7 13. Kh1 Rc8 14. dxc5 Qxc5 15. Nfd4 Nxd4 16. Nxd4 g6 17. Rf3 Nc6 18. Be3 Qa5 19. Rb1 Qc7 20. Nb5 Qb8 21. c4 Ne7 22. cxd5 Nxd5 23. Nc3 Ke8 24. Nxd5 exd5 25. Qxd5 Be7 26. f5 gxf5 27. Rxf5 Rh7 28. Rbf1 Rd8 29. Qf3 Rh8 30. Rxh5 Rf8 31. Bh6 Rd7 32. Bxf8 Bxf8 33. e6 Re7 34. exf7+ Kd8 35. Rd5+ Rd7 36. Qf6+ 1-0

[Event "Valladolid Aficionados op 3rd"]
[Site "Valladolid"]
[Date "2012.08.03"]
[Round "2"]
[White "Garcia Corada, Pedro"]
[Black "Villamanan Alonso, Carlos"]
[Result "1-0"]
[WhiteElo "2012"]
[BlackElo "1809"]
[PlyCount "77"]
[EventDate "2012.08.03"]
[EventType "swiss"]
[EventRounds "7"]
[EventCountry "ESP"]
[SourceTitle "EXT 2014"]
[Source "ChessBase"]
[SourceDate "2013.11.20"]
[SourceVersion "1"]
[SourceVersionDate "2013.11.20"]
[SourceQuality "1"]

1. c4 Nf6 2. g3 g6 3. Bg2 Bg7 4. d4 c5 5. d5 0-0 6. Nc3 d6 7. e4 Nbd7 8. Nge2 a6 9. 0-0 Qc7 10. h3 Ne5 11. b3 Rb8 12. a4 b6 13. Ra2 Ne8 14. f4 Nd7 15. Kh2 f5 16. exf5 Rxf5 17. Qd3 Rf7 18. Ne4 Ndf6 19. Ng5 Rf8 20. Nc3 Bf5 21. Qe3 Qd7 22. Re2 Rb7 23. Bb2 Bh6 24. Rfe1 Qc8 25. Qd2 Qd7 26. Ne6 Rf7 27. Bf3 Nh5 28. g4 Bxg4 29. Bxg4 Nef6 30. Rf1 Nxg4+ 31. hxg4 Nxf4 32. g5 Bxg5 33. Nxg5 Qg4 34. Rg2 Qh4+ 35. Kg1 h6 36. Ne2 Nxg2 37. Rxf7 hxg5 38. Rg7+ Kf8 39. Kxg2 1-0

[Event "ESP-22ch corr"]
[Site "AEAC email"]
[Date "2003.11.25"]
[Round "2"]
[White "Garcia Corada, Pedro"]
[Black "Boada Llombart, Jorge"]
[Result "1-0"]
[WhiteElo "2534"]
[BlackElo "2343"]
[PlyCount "117"]
[EventDate "2003.11.25"]
[EventType "tourn (corr)"]
[EventRounds "12"]
[EventCountry "ESP"]
[SourceTitle "Telechess CBM 114"]
[Source "ChessBase"]
[SourceDate "2006.10.02"]
[SourceVersion "1"]
[SourceVersionDate "2006.10.02"]
[SourceQuality "1"]

1. e4 e5 2. Nf3 Nc6 3. Bb5 a6 4. Ba4 Nf6 5. 0-0 Be7 6. Re1 b5 7. Bb3 d6 8. c3 0-0 9. d4 Bg4 10. Be3 exd4 11. cxd4 Na5 12. Bc2 c5 13. h3 Bh5 14. Nc3 Nc4 15. Bc1 cxd4 16. Qxd4 Rc8 17. Nd2 Qb6 18. Qxb6 Nxb6 19. Bb3 Bg6 20. a4 b4 21. Nd5 Nfxd5 22. a5 Nf4 23. axb6 Nd3 24. Rd1 Rb8 25. Bc4 Nxc1 26. Raxc1 Bg5 27. Bd5 Rxb6 28. Rc7 Rb5 29. Ra7 Bf6 30. Nc4 Rc5 31. b3 Rd8 32. Rxa6 Kf8 33. Nxd6 Rc7 34. f3 Be7 35. Nb5 Rcd7 36. Nd4 Rc8 37. Nc6 Bc5+ 38. Kf1 f6 39. Ke2 Bf7 40. Ra5 Bd6 41. Rd4 Rdc7 42. Nxb4 Be8 43. Be6 Rd8 44. Ra2 Rb7 45. Nc2 Ke7 46. Bc4 Rdb8 47. Ne3 Be5 48. Nf5+ Kf8 49. Rd3 Bd7 50. Ne3 Bc6 51. Kf2 h5 52. g3 Rd7 53. Rxd7 Bxd7 54. h4 Bc6 55. f4 Bd4 56. Kf3 Re8 57. Bd5 Bd7 58. Rc2 Bb6 59. Bc6 1-0

[Event "ESP-22ch corr"]
[Site "AEAC email"]
[Date "2003.11.25"]
[Round "2"]
[White "Mercadal Benejam, Josep"]
[Black "Garcia Corada, Pedro"]
[Result "1-0"]
[WhiteElo "2563"]
[BlackElo "2534"]
[PlyCount "79"]
[EventDate "2003.11.25"]
[EventType "tourn (corr)"]
[EventRounds "12"]
[EventCountry "ESP"]
[SourceTitle "Telechess CBM 114"]
[Source "ChessBase"]
[SourceDate "2006.10.02"]
[SourceVersion "1"]
[SourceVersionDate "2006.10.02"]
[SourceQuality "1"]

1. e4 c5 2. Nf3 Nc6 3. d4 cxd4 4. Nxd4 Nf6 5. Nc3 e5 6. Ndb5 d6 7. Bg5 a6 8. Na3 b5 9. Bxf6 gxf6 10. Nd5 Bg7 11. Bd3 Ne7 12. Nxe7 Qxe7 13. 0-0 0-0 14. c4 f5 15. Qf3 d5 16. cxd5 fxe4 17. Bxe4 Rb8 18. Rfd1 Qh4 19. g3 Qg5 20. Qb3 Bg4 21. Bf3 Bxf3 22. Qxf3 e4 23. Qb3 Rb6 24. Nc2 Rh6 25. Ne3 Qh5 26. h4 Be5 27. d6 Rxd6 28. Rxd6 Bxd6 29. Rd1 Be7 30. Rd5 Qg6 31. Nf5 Qe6 32. Qd1 Kh8 33. Nxe7 Qxe7 34. Qd4+ f6 35. Rd7 Qe6 36. Qa7 Qf5 37. Re7 Rd8 38. Qb6 Rc8 39. Rf7 Rd8 40. Qxf6+ 1-0